<?xml version="1.0" encoding="UTF-8"?>
<record
    xmlns:xsi="http://www.w3.org/2001/XMLSchema-instance"
    xsi:schemaLocation="http://www.loc.gov/MARC21/slim http://www.loc.gov/standards/marcxml/schema/MARC21slim.xsd"
    xmlns="http://www.loc.gov/MARC21/slim">

  <leader>01207    a2200145   4500</leader>
  <controlfield tag="003">OSt</controlfield>
  <controlfield tag="005">20260204155048.0</controlfield>
  <controlfield tag="008">260204b        |||||||| |||| 00| 0 eng d</controlfield>
  <datafield tag="100" ind1=" " ind2=" ">
    <subfield code="a">&#x92E;&#x930;&#x93E;&#x920;&#x947; &#x90F;&#x938; </subfield>
    <subfield code="9">216608</subfield>
  </datafield>
  <datafield tag="245" ind1=" " ind2=" ">
    <subfield code="a">&#x938;&#x941;&#x932;&#x92D; &#x906;&#x930;&#x94B;&#x917;&#x94D;&#x92F;&#x938;&#x930;&#x93F;&#x924;&#x93E; </subfield>
  </datafield>
  <datafield tag="260" ind1=" " ind2=" ">
    <subfield code="b">&#x92D;&#x93E;&#x930;&#x924;&#x940;&#x92F;  &#x935;&#x93F;&#x91A;&#x93E;&#x930;  &#x938;&#x93E;&#x927;&#x928;&#x93E;  &#x92A;&#x94D;&#x930;&#x915;&#x93E;&#x936;&#x928; </subfield>
    <subfield code="c">2018</subfield>
    <subfield code="a">&#x92A;&#x941;&#x923;&#x947; </subfield>
  </datafield>
  <datafield tag="300" ind1=" " ind2=" ">
    <subfield code="a">64pp.</subfield>
  </datafield>
  <datafield tag="520" ind1=" " ind2=" ">
    <subfield code="a">&#x936;&#x930;&#x940;&#x930;&#x938;&#x94D;&#x935;&#x93E;&#x938;&#x94D;&#x925;&#x93E;&#x91A;&#x93E; &#x92E;&#x942;&#x933;&#x92E;&#x902;&#x924;&#x94D;&#x930;, &#x926;&#x915;&#x94D;&#x937;&#x924;&#x93E;, &#x906;&#x939;&#x93E;&#x930;&#x936;&#x93E;&#x938;&#x94D;&#x924;&#x94D;&#x930;, &#x92F;&#x93E;&#x926;&#x94D;&#x935;&#x93E;&#x930;&#x947; &#x935;&#x93F;&#x935;&#x93F;&#x927; &#x936;&#x930;&#x940;&#x930;&#x938;&#x902;&#x938;&#x94D;&#x925;&#x93E;&#x928;&#x93F;&#x939;&#x93E;&#x92F; &#x905;&#x938;&#x932;&#x947;&#x932;&#x94D;&#x92F;&#x93E; &#x935;&#x93F;&#x915;&#x93E;&#x930;&#x93E;&#x902;&#x91A;&#x947; &#x938;&#x941;&#x932;&#x92D;&#x930;&#x940;&#x924;&#x94D;&#x92F;&#x93E; &#x909;&#x92A;&#x91A;&#x93E;&#x930; &#x939;&#x940; &#x92E;&#x927;&#x94D;&#x92F;&#x935;&#x930;&#x94D;&#x924;&#x940; &#x915;&#x932;&#x94D;&#x92A;&#x928;&#x93E; &#x92F;&#x93E;&#x920;&#x93F;&#x915;&#x93E;&#x923;&#x940; &#x928;&#x93F;&#x936;&#x94D;&#x91A;&#x93F;&#x924; &#x915;&#x930;&#x923;&#x94D;&#x92F;&#x93E;&#x924; &#x906;&#x932;&#x940; &#x906;&#x939;&#x947;. &#x926;&#x941;&#x930;&#x94D;&#x92E;&#x93F;&#x933; &#x914;&#x937;&#x927;&#x940; &#x935;&#x928;&#x938;&#x94D;&#x92A;&#x924;&#x940;&#x902;&#x926;&#x94D;&#x935;&#x93E;&#x930;&#x947; &#x930;&#x94B;&#x917;&#x939;&#x930;&#x923; &#x938;&#x939;&#x91C; &#x936;&#x915;&#x94D;&#x92F; &#x906;&#x939;&#x947;. &#x935;&#x93E;&#x91A;&#x915;&#x93E;&#x902;&#x92E;&#x93E;&#x930;&#x94D;&#x92B;&#x924; &#x92F;&#x93E; &#x915;&#x943;&#x924;&#x940;&#x91A;&#x947; &#x938;&#x94D;&#x935;&#x93E;&#x917;&#x924;&#x91A; &#x939;&#x94B;&#x908;&#x932; &#x939;&#x93E; &#x906;&#x924;&#x94D;&#x92E;&#x935;&#x93F;&#x936;&#x94D;&#x935;&#x93E;&#x938; &#x906;&#x939;&#x947;. &#x936;&#x941;&#x92D;&#x902; &#x92D;&#x935;&#x924;&#x941; !</subfield>
  </datafield>
  <datafield tag="942" ind1=" " ind2=" ">
    <subfield code="c">BK</subfield>
    <subfield code="2">ddc</subfield>
  </datafield>
  <datafield tag="999" ind1=" " ind2=" ">
    <subfield code="c">370181</subfield>
    <subfield code="d">370181</subfield>
  </datafield>
  <datafield tag="952" ind1=" " ind2=" ">
    <subfield code="0">0</subfield>
    <subfield code="1">0</subfield>
    <subfield code="2">ddc</subfield>
    <subfield code="4">0</subfield>
    <subfield code="7">0</subfield>
    <subfield code="8">MCA</subfield>
    <subfield code="a">001</subfield>
    <subfield code="b">001</subfield>
    <subfield code="d">2026-02-03</subfield>
    <subfield code="e">188</subfield>
    <subfield code="g">49.00</subfield>
    <subfield code="l">0</subfield>
    <subfield code="p">KBJP-BK-2996</subfield>
    <subfield code="r">2026-02-03 00:00:00</subfield>
    <subfield code="v">70.00</subfield>
    <subfield code="w">2026-02-03</subfield>
    <subfield code="y">BK</subfield>
    <subfield code="z">2996</subfield>
  </datafield>
</record>
